| 000 | 01503cad a2200277 4500 | ||
|---|---|---|---|
| 001 | L158879 | ||
| 008 | 100215n2013 000 0 eng u | ||
| 020 | _a9781783210305 | ||
| 035 | _a(Sirsi) u158879 | ||
| 041 | _aeng | ||
| 100 | 1 | _aRaut, Ashwin N. | |
| 111 | 2 |
_aConstruction and Building Research Conference _cIIT Delhi, New Delhi _d10-12 September 2013 |
|
| 245 | 0 | 0 |
_aPhysico-mechanical properties investigation of innovative sustainable construction material _h[electronic resource] |
| 260 |
_aLondon _bRICS _c2013 |
||
| 490 | 0 |
_aCOBRA _v2013 |
|
| 520 | _aA paper presented at the COBRA Conference in New Delhi on 10-12 September 2013. Investigates the application of sugarcane bagasse ash (SBA), crusher dust (CD) and lime (L) for producing sustainable, energy efficient and light weight bricks. From experimentation it was observed that SBA-CD-L have higher compressive strength (200%), lower density (12 - 20%),and better finish surface and economical in comparison with commercially available conventional burnt clay bricks. The proposed innovative sustainable construction material can further be manufactured at large scale for better technology transfer to the community. | ||
| 650 | 2 | 4 | _aCONSTRUCTION AND BUILDING RESEARCH CONFERENCE (COBRA) |
| 650 | 2 | 4 | _aBRICKS |
| 650 | 2 | 4 | _aSUSTAINABLE WASTE MANAGEMENT |
| 650 | 2 | 4 | _aWASTE PRODUCT |
| 651 | 4 | _aIndia | |
| 690 |
_aSustainability _96271 |
||
| 700 | 1 | _aMadurwar, Mangesh V. | |
| 700 | 1 | _aRalegaonkar, Rahul V. | |
| 942 | _n0 | ||
| 999 |
_c115562 _d115562 |
||